Cultura e imperialismo
محفوظ في:
| المؤلف الرئيسي: | |
|---|---|
| مؤلفون آخرون: | |
| التنسيق: | غير معروف |
| اللغة: | الإنجليزية |
| منشور في: |
Barcelona, España
Debolsillo
2019
|
| الطبعة: | Primera edición en Debolsillo |
| سلاسل: | Ensayo-Crónica
|
| الموضوعات: | |
| الوسوم: |
إضافة وسم
لا توجد وسوم, كن أول من يضع وسما على هذه التسجيلة!
|
MARC
| LEADER | 00000 a2200000 4500 | ||
|---|---|---|---|
| 003 | CL-VaPUC | ||
| 005 | 20210705092401.0 | ||
| 008 | 210505b ||||| |||| 00| 0 eng d | ||
| 999 | |c 432913 |d 432911 | ||
| 020 | |a 9788466347594 | ||
| 040 | |c Pontificia Universidad Católica de Valparaíso | ||
| 082 | |a 809.894 SAI 2019 | ||
| 100 | 1 | |a Said, Edward W. |9 860820 | |
| 245 | 1 | |a Cultura e imperialismo | |
| 250 | |a Primera edición en Debolsillo | ||
| 260 | |a Barcelona, España |b Debolsillo |c 2019 | ||
| 300 | |a 575 páginas | ||
| 440 | |a Ensayo-Crónica |9 860825 | ||
| 583 | |k Cristina Rojas |c 20210505 | ||
| 650 | 0 | |9 322103 |a Literatura europea |x Historia y crítica | |
| 650 | 0 | |9 258264 |a Imperialismo |x Literatura | |
| 650 | 0 | |9 563267 |a Política y cultura | |
| 700 | |a Catelli, Nora |e traductora |9 861078 | ||
| 942 | |2 ddc |c BK | ||
| 952 | |0 0 |1 0 |2 ddc |4 0 |6 809_894000000000000_SAI_2019 |7 0 |8 A |9 577891 |a BIBHIS |b BIBHIS |d 2021-05-25 |e 3 |g 13906.00 |i 5583357 |l 10 |m 3 |o 809.894 SAI 2019 |p 5583357 |r 2025-01-20 |s 2024-03-12 |t 1 |v 13906.00 |w 2021-05-25 |y BK |k HIS | ||